| 000 | 01818-am-a2200265-a-4500 | ||
|---|---|---|---|
| 003 | AM-YeHGA | ||
| 040 | _aAM-YeHGA | ||
| 090 | _c432296 | ||
| 005 | 20250617155254.0 | ||
| 008 | 180328s1957 ru |||||r|||||000|0|rus|| | ||
| 041 | 0 | _arus | |
| 245 | 0 | 0 |
_aБорьба за власть Советов в Вологодской губернии (1917-1919 гг.) : _bСборник документов / _cПод ред. канд. ист. наук П. К. Перепеченко ; [Сост. : Т. М. Воропанова, А. А. Кузнецова, Б. Н. Матавкин] ; [Предисл. Л. Ф. Дьяконицына и А. А. Кузнецовой] ; [Примеч. С. С. Курасовой и А. А. Кузнецовой] ; Архивный отд. УВД Вологод. обл. Гос. архив. Вологод. обл. |
| 260 |
_aВологда : _bОбл. кн. изд-во, _c1957. |
||
| 300 |
_a280 с. ; _c23 см. |
||
| 650 | 1 | 4 |
_aВеликая Октябрьская социалистическая революция _xИстория _zВологодская губерния |
| 650 | 1 | 4 |
_aИностранная военная интервенция и гражданская война в СССР _y1917-1919 гг. _xДокументы и материалы |
| 700 | 1 |
_aВоропанова, Т. М _eсост. _4com |
|
| 700 | 1 |
_aКузнецова, А. А. _eсост. _4com _eавт. предисл. _4aui |
|
| 700 | 1 |
_aМатавкин, Б. Н. _eсост. _4com |
|
| 700 | 1 |
_aПерепеченко, Петр Капитонович _eред. _4edt |
|
| 700 | 1 |
_aДьяконицын, Л. Ф. _eавт. предисл. _4aui |
|
| 700 | 1 |
_aКурасова, С. С. _eком. _4com |
|
| 710 | 2 | _aВологодский областной архивный отдел | |
| 942 |
_2udc _cBK |
||
| 999 |
_c429747 _d429747 |
||